Bankar ain aru Karyapranali (Record no. 5685)

MARC details
000 -LEADER
fixed length control field 00515cam a2200193ua 4500
001 - CONTROL NUMBER
control field 6541
005 - DATE AND TIME OF LATEST TRANSACTION
control field 20260515114051.0
008 - FIXED-LENGTH DATA ELEMENTS--GENERAL INFORMATION
fixed length control field 140311n ii |||gr||||Z||||||asm
040 ## - CATALOGING SOURCE
Transcribing agency MAIN
082 ## - DEWEY DECIMAL CLASSIFICATION NUMBER
Classification number 332.1
245 ## - TITLE STATEMENT
Title Bankar ain aru Karyapranali
Statement of responsibility, etc. By Devdas bharali
250 ## - EDITION STATEMENT
Edition statement 1st ed.
260 ## - PUBLICATION, DISTRIBUTION, ETC.
Place of publication, distribution, etc. Guwahati:
Name of publisher, distributor, etc. Pathyaputhi prastuti samanay samiti,
Date of publication, distribution, etc. 1974.
300 ## - PHYSICAL DESCRIPTION
Extent x,165p.
653 ## - INDEX TERM--UNCONTROLLED
Uncontrolled term Financial economics
653 ## - INDEX TERM--UNCONTROLLED
Uncontrolled term Bankar ain aru Karyapranali
700 ## - ADDED ENTRY--PERSONAL NAME
Personal name Bharali,Devdas,
Relator term Author.
942 ## - ADDED ENTRY ELEMENTS (KOHA)
Koha item type Books
Holdings
Withdrawn status Lost status Damaged status Not for loan Home library Current library Shelving location Date acquired Total checkouts Full call number Barcode Date last seen Copy number Price effective from Koha item type
        Naharkatiya College Library Naharkatiya College Library General stacks 09/19/2020   332.1 | BHA 14127 09/19/2020 1 09/19/2020 Books